| 000 | 00514nam a2200193Ia 4500 | ||
|---|---|---|---|
| 003 | GCL | ||
| 008 | 140319s9999 xx 000 0 ara d | ||
| 040 |
_aGCL / _cGCL |
||
| 082 | 0 | 4 |
_aق _b301.42 _bر ا |
| 100 | 1 | _aرسول الزواج | |
| 245 | 1 | 0 |
_aاحاديث الزواج فى مصر / _cرسول الزواج |
| 300 | _a216 ص | ||
| 490 |
_aكتاب _v0 |
||
| 650 | 0 | 4 | _aالاسرة |
| 650 | 0 | 4 | _aالزواج |
| 650 | 0 | 4 | _aالاجتماع |
| 650 | 0 | 4 | _aالحقوق الزوجية |
| 942 |
_2ddc _cBK |
||
| 999 |
_c42853 _d42853 |
||